Online
Catalog

La milagrosa : (Record no. 19919)

MARC details
000 -CABECERA
campo de control de longitud fija 01669nam a2200325 i 4500
001 - NÚMERO DE CONTROL
campo de control 000020415
003 - IDENTIFICADOR DEL NÚMERO DE CONTROL
campo de control DO-SdBNP
005 - FECHA Y HORA DE LA ÚLTIMA TRANSACCIÓN
campo de control 20250908091817.0
007 - CAMPO FIJO DE DESCRIPCIÓN FÍSICA--INFORMACIÓN GENERAL
campo de control de longitud fija ta
008 - DATOS DE LONGITUD FIJA--INFORMACIÓN GENERAL
campo de control de longitud fija 100813s2015 dr co 000 0 spa d
020 ## - NÚMERO INTERNACIONAL ESTÁNDAR DEL LIBRO
Número Internacional Estándar del Libro 9789945896565
040 ## - FUENTE DE LA CATALOGACIÓN
Centro catalogador/agencia de origen DO-SdBNP
Lengua de catalogación spa
Centro/agencia transcriptor BNPHU
Normas de descripción rda
041 ## - CÓDIGO DE LENGUA
Código de lengua del texto/banda sonora o título independiente spa
082 ## - NÚMERO DE LA CLASIFICACIÓN DECIMAL DEWEY
Número de clasificación xxx
Número de documento/Ítem T231
Número de edición 22
100 1# - ENTRADA PRINCIPAL--NOMBRE DE PERSONA
Nombre de persona Tavares, Flérida
Fechas asociadas al nombre 1978-
Término indicativo de función/relación autora
Código de función/relación aut.
9 (RLIN) 43082
245 10 - MENCIÓN DE TÍTULO
Título La milagrosa :
Resto del título historia de la capilla de Carrizal /
Mención de responsabilidad, etc. Flérida Tavares, Rossy Espinal.
250 ## - MENCIÓN DE EDICIÓN
Mención de edición Primera edición
264 #4 - PRODUCCIÓN, PUBLICACIÓN, DISTRIBUCIÓN, FABRICACIÓN Y COPYRIGHT
Producción, publicación, distribución, fabricación y copyright Santo Domingo, :
Nombre del de productor, editor, distribuidor, fabricante Editorial Opus,
Fecha de producción, publicación, distribución, fabricación o copyright ©2015.
300 ## - DESCRIPCIÓN FÍSICA
Extensión 106 páginas :
Otras características físicas retratos, fotografías ;
Dimensiones 22 cm.
336 ## - TIPO DE CONTENIDO
Término de tipo de contenido texto
Código de tipo de contenido txt
Fuente rdacontent
337 ## - TIPO DE MEDIO
Nombre/término del tipo de medio sin mediación
Código del tipo de medio n
Fuente rdamedia
338 ## - TIPO DE SOPORTE
Nombre/término del tipo de soporte volumen
Código del tipo de soporte nc
Fuente rdacarrier
500 ## - NOTA GENERAL
Nota general Incluye datos biográficos de las autoras en las solapas
500 ## - NOTA GENERAL
Nota general Incluye referencias bibliográficas y notas al pie de las páginas
505 0# - NOTA DE CONTENIDO CON FORMATO
Título Dedicatoria -- Agradecimientos -- Introducción -- Origen de la comunidad de Carrizal -- Historia de la capilla de La Milagrosa -- Manuel Antonio Espinal -- Nicasio Antonio Espinal (Quin) -- Carmela Caba -- Adolfo Arturo Rodríguez -- Isabel María Martínez -- Mariana Hernández -- Emérida Mercedes Rivas -- Cristóbal Mármol -- Basilio Antonio Tavares (Chilo) -- Emilio Tavares --Juan Manuel Espinal -- Inocencia Mercedes Rodríguez (Cheíta) -- Altagracia Disla -- Aurora Rodríguez -- Pablo Espinal -- Bendición de la nueva capilla -- Encargados de logística -- Conclusión /
590 ## - NOTA LOCAL (RLIN)
Nota local Inventariado, 2025/ YL
700 1# - PUNTO DE ACCESO ADICIONAL--NOMBRE DE PERSONA
Nombre de persona Espinal, Rossy
Fechas asociadas al nombre 1977-
Término indicativo de función/relación autora
Código de función/relación aut.
9 (RLIN) 43083
910 ## - DATOS DE OPCIÓN DEL USUARIO (OCLC)
Datos de opción del usuario YLockward
942 ## - ELEMENTOS DE PUNTO DE ACCESO ADICIONAL (KOHA)
Fuente del sistema de clasificación o colocación Dewey Decimal Classification
Tipo de ítem Koha Libro
Holdings
Estado de retiro Estado de pérdida Fuente del sistema de clasificación o colocación Restricciones de uso No para préstamo Código de colección Localización permanente Ubicación/localización actual Ubicación en estantería Fecha de adquisición Fuente de adquisición Número de inventario Total de préstamos Signatura topográfica completa Código de barras Fecha visto por última vez Número de copia Precio válido a partir de Tipo de ítem Koha
    Dewey Decimal Classification Préstamo en sala   Dominicana de Servicio Biblioteca Nacional Pedro Henríquez Ureña Biblioteca Nacional Pedro Henríquez Ureña En catalogación 08.07.2016 Depósito Legal LF1   BNPHU DS 20415-30 25.06.2020 e. 3 25.06.2020 Libro
    Dewey Decimal Classification Excluido de préstamo   Patrimonio Dominicano Biblioteca Nacional Pedro Henríquez Ureña Biblioteca Nacional Pedro Henríquez Ureña En catalogación 07.07.2016 Depósito Legal LF1   BNPHU PD 20415-10 25.06.2020   25.06.2020 Libro
    Dewey Decimal Classification Excluido de préstamo   Patrimonio Dominicano Biblioteca Nacional Pedro Henríquez Ureña Biblioteca Nacional Pedro Henríquez Ureña En catalogación 07.07.2016   LF1   BNPHU PD 20415-20 25.06.2020 e. 2   Libro
    Dewey Decimal Classification Préstamo en sala   Dominicana de Servicio Biblioteca Nacional Pedro Henríquez Ureña Biblioteca Nacional Pedro Henríquez Ureña En catalogación 08.07.2016 Donación por Editora Opus LF1   BNPHU DS 2025-9810 08.09.2025 e. 4 25.06.2020 Libro
    Dewey Decimal Classification Préstamo en sala   Dominicana de Servicio Biblioteca Nacional Pedro Henríquez Ureña Biblioteca Nacional Pedro Henríquez Ureña En catalogación 08.07.2016 Donación por Editora Opus LF1   BNPHU DS 2025-9811 08.09.2025 e. 5 25.06.2020 Libro

Powered by Koha